Countries Bordering a Country in the Alps - Statistics

General Stats
  • This quiz has been taken 18 times
  • The average score is 14 of 15
Answer Stats
Bordering Alpine Country Country % Correct
France / Germany Belgium
100%
Slovenia Croatia
100%
Austria / Slovenia Hungary
100%
Germany Poland
100%
Italy San Marino
100%
Austria Slovakia
100%
France Spain
100%
France Andorra
94%
Austria / Germany Czechia
94%
Germany Denmark
94%
France / Germany Luxembourg
94%
France (St. Martin) / Germany Netherlands
94%
Italy Vatican City
94%
France Suriname
47%
France Brazil
41%
No matching quizzes found
Score Distribution
Percent of People with Each Score
Percentile by Number Answered
Your Score History
You have not taken this quiz